000 00460nam a22001697a 4500
003 NUST - PNEC
005 20170116181157.0
008 160113b xxu||||| |||| 00| 0 eng d
020 _a-
040 _cLIBRARY
082 _a891.439 AMJ
100 _916030
_aAmjad Islam Amjad
245 _aChashm e tamasha (Akhbari kalam)
_cAmjad Islam Amjad
260 _aLahore:
_bAl Ahmed Publications;
650 _916031
_aUrdu Literature
_xGeneral
942 _2ddc
_cBK
999 _c71266
_d71266